Patentes de invención (Registro nro. 1531)

Detalles MARC
000 -LEADER
fixed length control field 01349 a2200217 4500
001 - CONTROL NUMBER
control field 26997
005 - DATE AND TIME OF LATEST TRANSACTION
control field 20260407155547.0
008 - FIXED-LENGTH DATA ELEMENTS--GENERAL INFORMATION
fixed length control field 260407a2005 arg spa d
003 - CONTROL NUMBER IDENTIFIER
control field AR-UNSa-BCEJYS
040 ## - CATALOGING SOURCE
Original cataloging agency AR-UNSa-BCEJYS
Language of cataloging spa
Transcribing agency AR-UNSa-BCEJYS
080 ## - UNIVERSAL DECIMAL CLASSIFICATION NUMBER
Universal Decimal Classification number 347.77
Common auxiliary subdivision Propiedad industrial, comercial y científica. Derecho sobre patentes y marcas. Registro de modelos, planos, marcas y nombres comerciales
020 ## - INTERNATIONAL STANDARD BOOK NUMBER
International Standard Book Number 987-03-0599-7
100 1# - MAIN ENTRY--PERSONAL NAME
Personal name Kors, Jorge A.
245 10 - TITLE STATEMENT
Title Patentes de invención
Name of part/section of a work diez años de jurisprudencia, comentarios y fallos
264 #1 - PRODUCTION, PUBLICATION, DISTRIBUTION, MANUFACTURE, AND COPYRIGHT NOTICE
Place of production, publication, distribution, manufacture Buenos Aires :
Name of producer, publisher, distributor, manufacturer Universidad de Buenos Aires. Facultad de Derecho
Date of production, publication, distribution, manufacture, or copyright notice 2005
300 ## - PHYSICAL DESCRIPTION
Extent xvi, 399 p.
Dimensions 24 cm.
505 ## - FORMATTED CONTENTS NOTE
Formatted contents note 1. Introducción - 2. Patentes de reválida - 3. El plazo de duración de las patentes: prórroga de la protección a veinte años - 4. La mayor protección bajo el acuerdo sobre los ADPIC (artículo 70.7) - 5. Nulidad y caducidad - 6. Biotecnología - 7. Medidas cautelares - 8. Derechos exclusivos de comercialización - 9. El rol del acuerdo sobre los ADPIC y de la convención de Viena en los fallos "Unilever", "Pfizer" y "Karl Thomae"
590 ## - LOCAL NOTE (RLIN)
Local note niveau_biblio:m niveau_hierar:0
856 41 - ELECTRONIC LOCATION AND ACCESS
Uniform Resource Identifier <a href="https://biblioeco.unsa.edu.ar/pmb/images/libros/Patentes de invencion diez a?os de jurisprudencia-l87983.jpg">https://biblioeco.unsa.edu.ar/pmb/images/libros/Patentes de invencion diez a?os de jurisprudencia-l87983.jpg</a>
Link text Imagen de portada
Electronic format type image/jpeg
942 ## - ADDED ENTRY ELEMENTS (KOHA)
Koha item type
Existencias
Withdrawn status Lost status Damaged status Not for loan Home library Current library Shelving location Date acquired Total checkouts Full call number Barcode Date last seen Price effective from Koha item type
        Biblioteca Prof. Eusebio Cleto del Rey Biblioteca Prof. Eusebio Cleto del Rey   07/04/2026   347.77 K84 L87983 07/04/2026 07/04/2026 Libro